00293nam a2200109Ia 4500008004100000082001300041082000800054245007200062245002000134260002000154300000900174231017s9999 xx 000 0 und d a620.1127 bKAI 0aQuality and Monitoring of Structural Rehabilitation Measures Part 1 0cHernning Kaiser bHernning Kaiser c30cm